Sky : (Rekord nr 41220)
| 000 -ETYKIETA REKORDU | |
|---|---|
| podpole kontrolne o stałej długości | 00633nim a2200217 i 4500 |
| 001 - NUMER KONTROLNY REKORDU | |
| pole kontrolne | bgj |
| 020 ## - MIĘDZYNARODOWY ZNORMALIZOWANY NUMER KSIĄŻKI - ISBN | |
| ISBN | 1405802502 |
| 040 ## - ŹRÓDŁO KATALOGOWANIA | |
| Instytucja, która utworzyła rekord | BPK |
| 041 0# - KOD JĘZYKA | |
| Kod języka tekstu | eng |
| 920 ## - Międzynarodowy znormalizowany numer książki – ISBN | |
| ISBN | 1405-802-502 |
| 008 - POLE O STAŁEJ DŁUGOŚCI - DANE KONTROLNE | |
| podpole kontrolne o stałej długości | s uk f |000 0 eng |
| 100 1# - NAZWA OSOBOWA | |
| Nazwa osobowa | BYGRAVE, Jonathan |
| 245 10 - TYTUŁ/ODPOWIEDZIALNOŚĆ | |
| Tytuł | Sky : |
| Ciąg dalszy tytułu | student's audio CD / |
| Pozostałe elementy strefy tytułu i oznaczenia odpowiedzialności | Jonathan Bygrave, Brian Abbs, Ingrid Freebairn. |
| 260 ## - STREFA ADRESU WYDAWNICZEGO | |
| Miejsce wydania | Harlow, Essex : |
| Nazwa wydawcy/dystrybutora | Longman, |
| Data publikacji, dystrybucji/powstania dokumentu | c. 2005. |
| 300 ## - STREFA OPISU FIZYCZNEGO | |
| Objętość | 1 audio compact disc. |
| 650 #9 - HASŁO PRZEDMIOTOWE W FORMIE NAZWY OGÓLNEJ LUB JEDNOSTKOWEJ | |
| Nazwa ogólna lub geograficzna | English language |
| Określnik ogólny | Primary Schools |
| 655 ## - TERMIN INDEKSOWY - OKREŚLENIE RODZAJU/FORMY DOKUMENTU | |
| Określenie rodzaju/formy dokumentu | Textbooks for foreigners |
| 700 1# - HASŁO DODATKOWE - NAZWA OSOBOWA | |
| Nazwa osobowa | ABBS, Brian. |
| Określenie związku między hasłem a opisywanym materiałem | co-author |
| 700 1# - HASŁO DODATKOWE - NAZWA OSOBOWA | |
| Nazwa osobowa | FREEBAIRN, Ingrid. |
| Określenie związku między hasłem a opisywanym materiałem | co-author |
| 942 ## - DODATKOWE ELEMENTY (KOHA) | |
| Typ dokumentu | Płyta CD |
| Wycofany | Status egzemplarza | Uszkodzony | Dostępność | Lokalizacja stała | Lokalizacja bieżąca | Miejsce przechowywania | Sygnatura | Kod kreskowy | Typ dokumentu |
|---|---|---|---|---|---|---|---|---|---|
| Dostępny | Biblioteka Politechniki Koszalińskiej | Biblioteka Politechniki Koszalińskiej | Wypożyczalnia Językowa | CDA 177 | 09042438 | Płyta CD |
